书目信息 |
| 题名: |
逝水人生
|
|
| 作者: | 周静 著 | |
| 分册: | ||
| 出版信息: | 杭州 浙江人民出版社 2021.08 |
|
| 页数: | 267页 | |
| 开本: | 21cm | |
| 丛书名: | 浙江文化名人传记丛书 | |
| 单 册: | ||
| 中图分类: | K825.6 | |
| 科图分类: | ||
| 主题词: | ||
| 电子资源: | ||
| ISBN: | 978-7-213-10236-3 | |
| 000 | 00849oam2 2200241 450 | |
| 001 | 011025153410 | |
| 005 | 20221025153410.0 | |
| 010 | @a978-7-213-10236-3@b精装@dCNY68.00 | |
| 100 | @a20201004d2021 em y0chiy0120 ea | |
| 101 | 0 | @achi |
| 102 | @aCN@b330000 | |
| 105 | @ay z 000yb | |
| 106 | @ar | |
| 200 | 1 | @a逝水人生@Ashi shui ren sheng@e徐志摩传@f周静著 |
| 210 | @a杭州@c浙江人民出版社@d2021.08 | |
| 215 | @a267页@d21cm | |
| 225 | 0 | @a浙江文化名人传记丛书@Azhe jiang wen hua ming ren chuan ji cong shu@h第一辑 |
| 330 | @a本书共分八章,内容包括:海宁的世家、西湖·北洋·新大陆、康河的柔波里、水土不服等,记录了现代诗人、散文家徐志摩的一生。 | |
| 410 | 0 | @12001 @a浙江文化名人传记丛书 |
| 600 | 0 | @a徐志摩@Axu zhi ma@f(1896-1931)@x传记 |
| 690 | @aK825.6@v5 | |
| 701 | 0 | @a周静@Azhou jing@4著 |
| 905 | @a河南城建学院图书馆@dK825.6@eZ772 | |
| 逝水人生:徐志摩传/周静著.-杭州:浙江人民出版社,2021.08 |
| 267页;21cm.-(浙江文化名人传记丛书.第一辑) |
| ISBN 978-7-213-10236-3(精装):CNY68.00 |
| 本书共分八章,内容包括:海宁的世家、西湖·北洋·新大陆、康河的柔波里、水土不服等,记录了现代诗人、散文家徐志摩的一生。 |
| ● |
| 相关链接 |
|
|
|
正题名:逝水人生
索取号:K825.6/Z772
 
预约/预借
| 序号 | 登录号 | 条形码 | 馆藏地/架位号 | 状态 | 备注 |
| 1 | 1587925 | 215879253 | 社科库309/309社科库 52排6列4层/ [索取号:K825.6/Z772] | 在馆 | |
| 2 | 1587926 | 215879262 | 社科库309/309社科库 52排6列4层/ [索取号:K825.6/Z772] | 在馆 |